|
|
|
|
| LEADER |
02531nam a22004333i 4500 |
| 001 |
EBC7271387 |
| 003 |
MiAaPQ |
| 005 |
20231204023229.0 |
| 006 |
m o d | |
| 007 |
cr cnu|||||||| |
| 008 |
231204s2023 xx o ||||0 eng d |
| 020 |
|
|
|a 9781000923537
|q (electronic bk.)
|
| 020 |
|
|
|z 9781032042299
|
| 035 |
|
|
|a (MiAaPQ)EBC7271387
|
| 035 |
|
|
|a (Au-PeEL)EBL7271387
|
| 035 |
|
|
|a (OCoLC)1395188222
|
| 040 |
|
|
|a MiAaPQ
|b eng
|e rda
|e pn
|c MiAaPQ
|d MiAaPQ
|
| 082 |
0 |
|
|a 303.4832
|
| 100 |
1 |
|
|a Christensen, Hilda Rømer.
|
| 245 |
1 |
0 |
|a Gender Smart Mobility :
|b Concepts, Methods, and Practices.
|
| 250 |
|
|
|a 1st ed.
|
| 264 |
|
1 |
|a Milton :
|b Taylor & Francis Group,
|c 2023.
|
| 264 |
|
4 |
|c {copy}2024.
|
| 300 |
|
|
|a 1 online resource (164 pages)
|
| 336 |
|
|
|a text
|b txt
|2 rdacontent
|
| 337 |
|
|
|a computer
|b c
|2 rdamedia
|
| 338 |
|
|
|a online resource
|b cr
|2 rdacarrier
|
| 490 |
1 |
|
|a Transport and Mobility Series
|
| 505 |
0 |
|
|a Cover -- Half Title -- Series Page -- Title Page -- Copyright Page -- Contents -- Gender Smart Mobility -- 1. Gender Smart Mobility as a Pillar of Smart City Developments -- 2. Gender, Mobility and Technology: Historical and Current Perspectives -- 3. Gender and Diversity in Transport: Theories and Concepts -- 4. Gender Smart Mobility: Approaches -- 5. How to Do Gender and Diversity Action Planning -- 6. From One to Many Tracks: Methodology and Data Collection for Gender Smart Mobility -- 7. Gender Smart Transport Policy, Employment, and Innovation -- 8. From the Covid-19 Pandemic to Gender Smart Mobility -- Epilogue: Gender Smart Mobility as a Game Changer -- Index.
|
| 520 |
|
|
|a This book presents gender and diversity in smart transport as a cutting-edge issue in urban contexts around the globe. It will address new challenges and possibilities related to the smart transport sector.
|
| 588 |
|
|
|a Description based on publisher supplied metadata and other sources.
|
| 590 |
|
|
|a Electronic reproduction. Ann Arbor, Michigan : ProQuest Ebook Central, 2023. Available via World Wide Web. Access may be limited to ProQuest Ebook Central affiliated libraries.
|
| 655 |
|
4 |
|a Electronic books.
|
| 700 |
1 |
|
|a Breengaard, Michala Hvidt.
|
| 700 |
1 |
|
|a Levin, Lena.
|
| 776 |
0 |
8 |
|i Print version:
|a Christensen, Hilda Rømer
|t Gender Smart Mobility
|d Milton : Taylor & Francis Group,c2023
|z 9781032042299
|
| 797 |
2 |
|
|a ProQuest (Firm)
|
| 830 |
|
0 |
|a Transport and Mobility Series
|
| 856 |
4 |
0 |
|u https://ebookcentral.proquest.com/lib/matrademy/detail.action?docID=7271387
|z Click to View
|